Music subcultures - Statistics

General Stats
  • This quiz has been taken 44 times
  • The average score is 6 of 15
Answer Stats
Hint Answer % Correct
Dark romance, vampire-like aesthetics, originated from post punk, dressed in black, melancholic, though not as much as the above Goth
90%
Sad punks, with very distinct fashion, reached height of its popularity in the 2000s Emo
85%
Peace-promoting, nature-loving, politically active countercultural movement of the late 60s, associated with psychedelic music Hippie
78%
Fans of arguably the most extreme form of rock music Metalhead
60%
Fans of hip hop group Insane Clown posse Juggalo
45%
Fans of the band Grateful Dead Deadhead
40%
Amphetamine-indulging, scooter-riding, sharply dressed predcessors of punks, associated with band The Doors Mod
38%
Feminist punks Riot Grrrl
33%
Punks, rejecting the hedonistic, self-destructive behavior and substance abuse Straight Edge
30%
When the above goes raving, gas masks, bright colors contrasting with black Cybergoth
28%
Originated in jamaica, later imported in UK. Fans of 2 tone ska. Rude boy
23%
Fans of industrial music Rivethead
18%
Fans of jump blues, bebop and jazz music, originated in 1940s, shares name with a modern non-music based subculture Hipster/hepcat
15%
Swing-loving youth of ww2 era germany, opposing nazi ideology Swingjugend
3%
1950s-1960s soviet youth, expressing their love towards forbidden western culture Styliagi
0%
No matching quizzes found
Score Distribution
Percent of People with Each Score
Percentile by Number Answered
Your Score History
You have not taken this quiz